| 000 | 00442nam a2200157Ia 4500 | ||
|---|---|---|---|
| 003 | IN-BaIIA | ||
| 008 | 211028s9999 xx 000 0 eng d | ||
| 040 | _cIIA Library | ||
| 080 |
_a52 _bFAT |
||
| 100 |
_aFath, Edward Arthur. _92302 |
||
| 245 | 4 |
_aThe elements of astronomy _cEdward Arthur Fath |
|
| 260 |
_aNew York _bMcGraw-Hill _c1944 |
||
| 300 | _axi, 386p. | ||
| 650 |
_aAstronomy _980 |
||
| 942 | _cBK | ||
| 999 |
_c1078 _d1078 |
||